00672cam a22002411 4500001001300000003000400013005001700017008004100034010001700075035001800092040001800110042001200128050001500140100001700155245003200172250006100204260003600265300002700301600003400328600001800362600003300380999001700413sa 68018836 DLC20260227112715.0720728s1966 xx 000 0 ind  asa 68018836  a(OCoLC)368210 aDLCcOAUdDLC apremarc00aBL72b.A751 aArifin, Bey.10aMarjam, Isa [dan] Muhammad. aTjet. 1. [i. e. 4.]bsetelah disempurnakan dan ditambah. aBandung,bU. H. Mansoorc[1966] a164 p.billus.c22 cm.00aMary,cBlessed Virgin, Saint.00aJesus Christ.00aMuḥammad,cProphet,d-632. c88673d88673